| Tag |
First Indicator |
Second Indicator |
Subfields |
| LEADER |
00000ctm a2200000Ia 4500 |
| 001 |
in00000932621 |
| 005 |
20200904152459.0 |
| 008 |
901109s1989 xx bm 000 0 eng d |
| 035 |
|
|
|a (OCoLC)ocm22656929
|
| 035 |
|
|
|9 AER5804AM
|
| 040 |
|
|
|a TXA
|b eng
|c TXA
|d OCLCQ
|d OCLCF
|d OCLCO
|d OCLCQ
|d UMI
|d TXA
|
| 035 |
|
|
|a (OCoLC)22656929
|
| 043 |
|
|
|a n-us-tx
|
| 049 |
|
|
|a TXAM
|
| 099 |
|
|
|a 1989
|a Disser-
|a tation
|a W952
|
| 100 |
1 |
|
|a Wright, Robert Gene,
|d 1938-
|
| 245 |
1 |
0 |
|a Factors affecting retention of black and Hispanic students in a community college system and implications for transfer to senior institutions of higher education in Texas /
|c by Robert Gene Wright.
|
| 264 |
|
1 |
|c 1989.
|
| 300 |
|
|
|a xv, 183 leaves ;
|c 29 cm
|
| 336 |
|
|
|a text
|b txt
|2 rdacontent
|
| 337 |
|
|
|a unmediated
|b n
|2 rdamedia
|
| 338 |
|
|
|a volume
|b nc
|2 rdacarrier
|
| 500 |
|
|
|a Typescript (photocopy).
|
| 502 |
|
|
|b Ph. D.
|c Texas A & M University
|d 1989
|
| 500 |
|
|
|a Vita.
|
| 504 |
|
|
|a Includes bibliographical references.
|
| 500 |
|
|
|a "Major subject: Educational Administration."
|
| 520 |
3 |
|
|a The purpose of this study was to identify and examine through an opinion questionnaire submitted to minority students, selected factors that affect the retention of black and Hispanic students in a community college system and implications for transfer to senior institutions of higher education in Texas. The population of this study consisted of 270 full-time enrolled minority students at Blinn College, and 112 former Blinn College minority students currently enrolled in Texas institutions of higher education. Seventy-eight percent of the current Blinn College minority students returned the questionnaire in usable form, and sixty-one percent of the former Blinn College minority students returned the questionnaire in usable form. Analysis of the data was conducted using the Statistical Analysis System (SAS) on the "WYLBUR" Computer System at Texas A&M University. Findings. (1) This study found five (5) significant barriers that impact the equal educational opportunities of black and Hispanic students. (2) Respondents indicated that changes and enhancements to selected policies, programs, and services could increase the persistence and mobility of minority students. (3) Minority students agree that increased cooperation between two-year and four-year colleges and state educational agencies offer the greatest hope for increasing baccalaureate opportunities. Conclusions. Inadequate postsecondary preparation, low social integration, scarce family role models, limited financial aid knowledge, and the disparity of the majority college environment were barriers to minority student equal educational opportunities. Policy, program, and service changes and enhancements must include: multicultural social activities, open communications, and counseling/advisement efforts. Cooperation among Texas higher education entities concerning the following areas would improve black and Hispanic student baccalaureate opportunities: transfer projects, financial aid programming, and hiring additional minority faculty and administrators.
|
| 650 |
|
0 |
|a Minorities
|x Education (Higher)
|z Texas
|z College Station.
|
| 650 |
|
0 |
|a Community college students
|z Texas
|z College Station.
|
| 650 |
|
7 |
|a Community college students.
|2 fast
|0 (OCoLC)fst00870726
|
| 650 |
|
7 |
|a Minorities
|x Education (Higher)
|2 fast
|0 (OCoLC)fst01023138
|
| 651 |
|
7 |
|a Texas
|z College Station.
|2 fast
|0 (OCoLC)fst01205303
|
| 650 |
|
4 |
|a Educational Administration
|
| 655 |
|
7 |
|a Academic theses
|2 lcgft
|
| 700 |
1 |
|
|a Corrigan, Dean C.,
|e degree supervisor.
|
| 700 |
1 |
|
|a Fox, Milden J.,
|e degree committee member.
|
| 700 |
1 |
|
|a Johnson, Glenn Ross,
|e degree committee member.
|
| 700 |
1 |
|
|a ,
|e degree committee member.
|
| 710 |
2 |
|
|a Texas A & M University,
|e degree granting institution.
|
| 856 |
4 |
1 |
|x http://hdl.handle.net/1969.1/DISSERTATIONS-1050661
|z Link to OAKTrust copy
|t 0
|
| 856 |
4 |
1 |
|u http://proxy.library.tamu.edu/login?url=http://proquest.umi.com/pqdweb?did=745314831&sid=1&Fmt=2&clientId=2945&RQT=309&VName=PQD
|z Link to OAKTrust copy
|t 0
|
| 994 |
|
|
|a C0
|b TXA
|
| 999 |
f |
f |
|s d802741d-7dff-3cbc-9bae-a4440d0296a0
|i 157fb38a-2747-3736-b367-ba4e059b9524
|t 0
|
| 952 |
f |
f |
|p noncirc
|a Texas A&M University
|b J.J. Pickle Campus
|c High Density Repository
|s HDR
|d Remote Storage
|t 0
|e 1989 Dissertation W952
|h Other scheme
|i unmediated -- volume
|m A14841024002
|
| 952 |
f |
f |
|a Texas A&M University
|b College Station
|c Electronic Resources
|s www_evans
|d Available Online
|t 0
|e 1989 Dissertation W952
|h Other scheme
|
| 998 |
f |
f |
|a 1989 Dissertation W952
|t 0
|l Available Online
|
| 998 |
f |
f |
|a 1989 Dissertation W952
|t 0
|l Remote Storage
|